000 01022naa a22003017a 4500
001 BR6004492
003 BR-BrBNA
005 20240918172852.0
007 ta
008 230509b bl.||||| |||| 00| 0 por d
040 _aBR-BrBNA
_bpor
_cBiblioteca Nacional de Agricultura
041 _a(Pt)
072 _aK00; H10
_b8901
090 _aK00 BR6004492
100 1 _aNowaci, M.J.
111 1 _a1. Congresso Florestal Brasileiro
_cCuritiba, PR (Brazil)
_d13 Sep 1953
245 1 _aA bracaatinga e os fungos apodrecedores da sua madeira
260 3 _aCuritiba, PR (Brasil):
_c1954.
500 _aAnais do 1. Congresso Florestal Brasileiro Curitiba, PR (Brasil): 1954. p. 91-94 (BR6004492-AM)K00
650 _aFLORESTA
650 _aBRACATINGA
650 _aREFLORESTAMENTO
650 _aMADEIRA
650 _aPRESERVACAO DA MADEIRA
773 0 _tAnais do 1. Congresso Florestal Brasileiro
_wK00 BR6004492
_gCuritiba, PR (Brasil), 1954. p. 91-94
909 _a202404
_bLucia
_c55
_dLucia Elande
942 _cAM
_2AGRIS
999 _c301820
_d301820